| 000 | 00559nam a2200169 i 4500 | ||
|---|---|---|---|
| 001 | 80111 | ||
| 003 | ES-MaACL | ||
| 005 | 20230906174131.0 | ||
| 007 | t| | ||
| 008 | 041026s1910 it ||||1| ita d | ||
| 100 | 1 |
_aHibben, John Grier. _963540 |
|
| 245 | 1 | 3 |
_aLa Lógica di Hegel (Saggio d'interpretazione) / _cJohn Grier Hibben ; traduzione dall'inglese e prefazione di Giuseppe Rensi. |
| 260 |
_aTorino : _bFratelli Bocca, _c1910 ( _fVicenzo Bona) |
||
| 300 |
_aXLVIII, 274 p. ; _c20 cm. |
||
| 700 | 1 |
_aRensi, Giuseppe. _996239 |
|
| 852 |
_aES-MaACL _jF-4078 |
||
| 999 |
_c80111 _d80111 |
||